000 00354nam a2200157Ia 4500
008 230711s9999||||xx |||||||||||||| ||und||
041 _aENG
082 _a621
_bCA-C
100 _aCarlson,A.Bruce
245 0 _aCircuits
250 _a1st
260 _c2006
_aNew Delhi
_bThomson Brook
300 _a840
650 _aElectrical Engineering
942 _cBK
999 _c8477
_d8477